Alchemy Classic - Primary Substances - Statistics

General Stats
  • This quiz has been taken 19 times
  • The average score is 6 of 19
Answer Stats
Answer % Correct
Air
77%
Fire
77%
Earth
69%
Water
69%
Ice
38%
Salt
38%
Oxygen
31%
Sand
31%
Carbon
23%
Hydrogen
23%
Carbon dioxide
15%
Electricity
15%
Steam
15%
Stone
15%
Clay
8%
NO2
8%
Magnet
0%
Methane
0%
Radioactivity
0%
No matching quizzes found
Score Distribution
Percent of People with Each Score
Percentile by Number Answered
Your Score History
You have not taken this quiz